Taylor Swift 09 - Statistics

General Stats
  • This quiz has been taken 29 times
    20 since last reset
  • The average score is 285 of 373
Answer Stats
Answer % Correct
a
100%
all
100%
I
100%
I'll
100%
I'm
100%
in
100%
is
100%
it
100%
it's
100%
to
100%
and
93%
do
93%
don't
93%
know
93%
love
93%
me
93%
my
93%
not
93%
of
93%
on
93%
the
93%
this
93%
was
93%
you
93%
your
93%
at
87%
for
87%
if
87%
I've
87%
night
87%
said
87%
say
87%
see
87%
that
87%
time
87%
want
87%
we
87%
what
87%
when
87%
but
80%
can
80%
'cause
80%
down
80%
from
80%
out
80%
up
80%
were
80%
with
80%
after
73%
are
73%
back
73%
car
73%
everything
73%
make
73%
nothing
73%
there
73%
wanted
73%
why
73%
can't
67%
door
67%
oh
67%
other
67%
she
67%
side
67%
so
67%
stand
67%
times
67%
baby
60%
coming
60%
couldn't
60%
dress
60%
eyes
60%
had
60%
leave
60%
mad
60%
need
60%
really
60%
tell
60%
things
60%
beautiful
53%
black
53%
broke
53%
conversation
53%
crying
53%
enough
53%
even
53%
face
53%
here
53%
lies
53%
little
53%
mess
53%
more
53%
outside
53%
over
53%
pebbles
53%
pouring
53%
rain
53%
right
53%
scream
53%
screaming
53%
stairs
53%
stay
53%
throwing
53%
white
53%
window
53%
worth
53%
you've
53%
again
47%
away
47%
carried
47%
confess
47%
left
47%
look
47%
mean
47%
must
47%
picture
47%
there's
47%
wait
47%
yeah
47%
alone
40%
called
40%
faded
40%
going
40%
heat
40%
pride
40%
saying
40%
stupid
40%
through
40%
tryna
40%
walked
40%
both
33%
chase
33%
closer
33%
fight
33%
hundred
33%
ignoring
33%
keep
33%
phone
33%
photographs
33%
picking
33%
sitting
33%
staring
33%
words
33%
might
27%
misread
27%
remember
27%
babe
20%
slamming
20%
No matching quizzes found
Score Distribution
Percent of People with Each Score
Percentile by Number Answered
Your Score History
You have not taken this quiz since the last reset